000
00295nam a22001217a 4500
020
_a
81-7435-122-5
082
_a
297.61AZI 2
100
_a
Badr, Azimabadi
245
_a
Great Personalities in Islam
260
_a
New Delhi
_b
Adam Publishers and Distributors
_c
2012
300
_a
596
942
_c
BK
999
_c
20803
_d
20803